The evolution book / (Record no. 6650)
[ view plain ]
| 000 -LEADER | |
|---|---|
| fixed length control field | 01473cam a2200361 a 4500 |
| 001 - CONTROL NUMBER | |
| control field | 4734233 |
| 003 - CONTROL NUMBER IDENTIFIER | |
| control field | OSt |
| 005 - DATE AND TIME OF LATEST TRANSACTION | |
| control field | 20210924102351.0 |
| 008 - FIXED-LENGTH DATA ELEMENTS--GENERAL INFORMATION | |
| fixed length control field | 860116s1986 nyua j 001 0 eng |
| 010 ## - LIBRARY OF CONGRESS CONTROL NUMBER | |
| LC control number | 84040682 |
| 020 ## - INTERNATIONAL STANDARD BOOK NUMBER | |
| International Standard Book Number | 089480927X (pbk.) : |
| Terms of availability | $11.95 |
| 040 ## - CATALOGING SOURCE | |
| Original cataloging agency | DLC |
| Transcribing agency | HU |
| Modifying agency | DLC |
| 042 ## - AUTHENTICATION CODE | |
| Authentication code | lcac |
| 050 00 - LIBRARY OF CONGRESS CALL NUMBER | |
| Classification number | QH48 |
| Item number | .S7915 1986 |
| 082 00 - DEWEY DECIMAL CLASSIFICATION NUMBER | |
| Classification number | 508 |
| Edition number | 19 |
| 100 1# - MAIN ENTRY--PERSONAL NAME | |
| Personal name | Stein, Sara Bonnett. |
| 9 (RLIN) | 6977 |
| 245 14 - TITLE STATEMENT | |
| Title | The evolution book / |
| Statement of responsibility, etc. | Sara Stein ; photography by Rona Beame ; illustrations by Sara Stein. |
| 260 ## - PUBLICATION, DISTRIBUTION, ETC. | |
| Place of publication, distribution, etc. | New York : |
| Name of publisher, distributor, etc. | Workman Pub., |
| Date of publication, distribution, etc. | c1986. |
| 300 ## - PHYSICAL DESCRIPTION | |
| Extent | 389 |
| Other physical details | ill. ; |
| Dimensions | 21 x 23 cm. |
| 500 ## - GENERAL NOTE | |
| General note | Includes index. |
| 520 ## - SUMMARY, ETC. | |
| Summary, etc. | Text, experiments, projects, investigations, and plentiful pictures show the reader how to unlock the secrets of the earth by investigating woodlands, beaches, and mountains. |
| 650 #0 - SUBJECT ADDED ENTRY--TOPICAL TERM | |
| Topical term or geographic name entry element | Natural history |
| General subdivision | Experiments |
| -- | Juvenile literature. |
| 9 (RLIN) | 6978 |
| 650 #0 - SUBJECT ADDED ENTRY--TOPICAL TERM | |
| Topical term or geographic name entry element | Biology |
| General subdivision | Experiments |
| -- | Juvenile literature. |
| 9 (RLIN) | 6979 |
| 650 #0 - SUBJECT ADDED ENTRY--TOPICAL TERM | |
| Topical term or geographic name entry element | Evolution (Biology) |
| General subdivision | Experiments |
| -- | Juvenile literature. |
| 9 (RLIN) | 6980 |
| 650 #1 - SUBJECT ADDED ENTRY--TOPICAL TERM | |
| Topical term or geographic name entry element | Natural history. |
| 9 (RLIN) | 6981 |
| 650 #1 - SUBJECT ADDED ENTRY--TOPICAL TERM | |
| Topical term or geographic name entry element | Earth sciences. |
| 9 (RLIN) | 6982 |
| 650 #1 - SUBJECT ADDED ENTRY--TOPICAL TERM | |
| Topical term or geographic name entry element | Evolution. |
| 9 (RLIN) | 6983 |
| 700 1# - ADDED ENTRY--PERSONAL NAME | |
| Personal name | Beame, Rona, |
| Relator term | ill. |
| 9 (RLIN) | 6984 |
| 856 42 - ELECTRONIC LOCATION AND ACCESS | |
| Materials specified | Publisher description |
| Uniform Resource Identifier | <a href="http://www.loc.gov/catdir/enhancements/fy0714/84040682-d.html">http://www.loc.gov/catdir/enhancements/fy0714/84040682-d.html</a> |
| 856 41 - ELECTRONIC LOCATION AND ACCESS | |
| Materials specified | Table of contents only |
| Uniform Resource Identifier | <a href="http://www.loc.gov/catdir/enhancements/fy0714/84040682-t.html">http://www.loc.gov/catdir/enhancements/fy0714/84040682-t.html</a> |
| 906 ## - LOCAL DATA ELEMENT F, LDF (RLIN) | |
| a | 7 |
| b | cbc |
| c | orignew |
| d | 1 |
| e | ocip |
| f | 19 |
| g | y-gencatlg |
| 942 ## - ADDED ENTRY ELEMENTS (KOHA) | |
| Source of classification or shelving scheme | Dewey Decimal Classification |
| Koha item type | Books like text book referance book |
| Suppress in OPAC | No |
| Withdrawn status | Lost status | Source of classification or shelving scheme | Damaged status | Not for loan | Home library | Current library | Shelving location | Date acquired | Full call number | Barcode | Date last seen | Copy number | Price effective from | Koha item type |
|---|---|---|---|---|---|---|---|---|---|---|---|---|---|---|
| Dewey Decimal Classification | Natural & Computational Science Library | Natural & Computational Science Library | General Stacks | 09/24/2021 | 508/STE | NSCLIB00011774 | 09/24/2021 | 1 | 09/24/2021 | Books like text book referance book |